Statistics for U.S. States with Legal Fox Ownership

Click here to take the quiz!

General Stats

  • This quiz has been taken 46 times
  • The average score is 15 of 22

Answer Stats

State% Correct
Michigan
86%
Ohio
86%
Florida
84%
Indiana
81%
Maine
78%
Missouri
78%
Nebraska
78%
Texas
78%
Illinois
76%
Arkansas
70%
Mississippi
70%
Oklahoma
70%
Tennessee
70%
Wyoming
68%
South Dakota
65%
Utah
65%
Wisconsin
65%
North Dakota
62%
North Carolina
59%
Pennsylvania
59%
Delaware
54%
Rhode Island
32%

Score Distribution

Percentile by Number Answered

Percent of People with Each Score

Your Score History

You have not taken this quiz